| 000 | 00463nam a2200169Ia 4500 | ||
|---|---|---|---|
| 003 | GCL | ||
| 008 | 140319s9999 xx 000 0 ara d | ||
| 040 |
_aGCL / _cGCL |
||
| 082 | 0 | 4 |
_aد _b050 |
| 100 | 1 | _aقدرى قلعجى | |
| 245 | 1 | 0 |
_aقلوب معذبة ( اقرا 152 ) / _cقدرى قلعجى |
| 490 |
_aوثائق ونصوص _v0 |
||
| 650 | 0 | 4 | _aالادب العربى |
| 650 | 0 | 4 | _aالقصص العربية |
| 650 | 0 | 4 | _aالقصص |
| 942 |
_2ddc _cCF |
||
| 999 |
_c27324 _d27324 |
||